Sports Quiz

Random Sports or Football Quiz

2009 World Juniors All Tournament Team Quiz Stats

 Plays Quiz not verified by Sporcle

Challenge
Share
Tweet
Embed
Score 0/7 Timer 05:00
0 Plays Today
Position Player % Correct
MVPJohn Tavares
85.7%
ForwardJohn Tavares
85.7%
DefensemanPK Subban
57.1%
ForwardCody Hodgson
50%
ForwardNikita Filatov
35.7%
DefensemanErik Karlsson
21.4%
GoalieJaroslav Janus
14.3%

You're not logged in!

Compare scores with friends on all Sporcle quizzes.
OR
Log In

You Might Also Like...

Show Comments

Extras

Top Quizzes Today


Score Distribution

Your Account Isn't Verified!

In order to create a playlist on Sporcle, you need to verify the email address you used during registration. Go to your Sporcle Settings to finish the process.

Report this User

Report this user for behavior that violates our Community Guidelines.

Details: